[Event "POL-chT 2nd League"]
[Site "Ustron"]
[Date "2008.09.11"]
[Round "5.76"]
[White "Spicak, Krzysztof"]
[Black "Lusio, Marek"]
[Result "1-0"]
[WhiteElo "2011"]
[BlackElo "1824"]
[PlyCount "120"]
[EventDate "2008.09.06"]
[EventType "team-swiss"]
[EventRounds "9"]
[EventCountry "POL"]
[SourceTitle "EXT 2015"]
[Source "ChessBase"]
[SourceDate "2014.11.20"]
[SourceVersion "1"]
[SourceVersionDate "2014.11.20"]
[SourceQuality "1"]
[WhiteTeam "Milanowek UKS Jedwabnik"]
[BlackTeam "Kosienice LKS"]
[WhiteTeamCountry "POL"]
[BlackTeamCountry "POL"]

1. e4 c5 2. Nc3 d6 3. f4 Nc6 4. Nf3 Nf6 5. Bb5 Bd7 6. e5 dxe5 7. fxe5 Nd4 8. Bxd7+ Nxd7 9. 0-0 e6 10. d3 Nxf3+ 11. Qxf3 Nxe5 12. Qxb7 Bd6 13. Qb3 Nd7 14. Ne4 Be7 15. Be3 Qb6 16. Qa4 Rc8 17. Rxf7 Rc6 18. Rff1 Qa6 19. Qxa6 Rxa6 20. a4 Rc6 21. b3 Nf6 22. Nd2 Nd5 23. Nc4 Bf6 24. Rae1 Bd4 25. Rf3 Nxe3 26. Nxe3 Ke7 27. Kf2 Bxe3+ 28. Kxe3 Rf8 29. Rxf8 Kxf8 30. Ke4 Ke7 31. Re3 a5 32. Rh3 h6 33. Rg3 Kf6 34. h4 g6 35. Rf3+ Ke7 36. Rf4 Rd6 37. Ke3 Rd5 38. Re4 g5 39. Kd2 Rf5 40. hxg5 Rxg5 41. g4 Kd6 42. Kc3 e5 43. Kc4 Kc6 44. c3 Rg6 45. Rxe5 Rxg4+ 46. d4 cxd4 47. cxd4 Kb6 48. Re6+ Kb7 49. Rxh6 Rg5 50. Rd6 Rg3 51. Rd5 Ka6 52. Rb5 Rg1 53. d5 Rc1+ 54. Kd4 Rd1+ 55. Kc5 Rc1+ 56. Kd6 Rd1 57. Kc7 Rc1+ 58. Kd7 Rh1 59. d6 Rh7+ 60. Kc6 Rg7 1-0